| 000 | 01012nam0a22002291i 4500 | ||
|---|---|---|---|
| 001 | rc\741826 | ||
| 005 | 20240724000537.0 | ||
| 035 | _a(NLR Aleph) 006271233 | ||
| 090 |
_a6951537 _c6951537 |
||
| 100 | _a20040301d1985 u |0rusy50 ca | ||
| 101 | 0 | _arus | |
| 102 | _aRU | ||
| 105 | _ay ||||||||| | ||
| 200 | 1 |
_aПедагогические условия эффективного использования межпредметных связей в начальных классах _eНа материале изучения математики, природоведения и труд. обучения _eАвтореф. дис. на соиск. учен. степ. к. п. н. _fКиев. гос. пед. ин-т им. А.М. Горького |
|
| 210 |
_aКиев _d1985 |
||
| 215 | _a20 с. | ||
| 320 | _aБиблиогр.: с. 20 | ||
| 700 | 1 |
_aТадиян _bС.В. _gСергей Владимирович |
|
| 801 | 0 |
_aRU _bNLR _gpsbo |
|
| 801 | 1 |
_aRU _bELAR _2rusmarc |
|
| 852 |
_aNLR _j88-4/5263 |
||
| 942 | _cBOOK | ||